000 01654nam a22001577a 4500
041 _aukr
080 _a09
090 _bКОС
100 _aКостюк О.О.
245 _aЛексико-стилістичний аналіз поезій та перекладів Емілі Дікінсон
260 _aОстог
_bКАФ
_c2010
300 _a56
520 _aВСТУП РОЗДІЛ 1 ЗАГАЛЬНИЙ АНАЛІЗ ПОЕТИЧНИЙ ТВОРІВ 1.1 Походження поезії. Ритміка як головна жанрова особливість поетичного мовлення. 1.2 Лексичні особливості поезій. Тропи. 1.3 Стилістичні особливості поезії. Синтаксичні засоби. РОЗДІЛ 2 ПЕРЕКЛАДОЗНАВЧІ ОСОБЛИВОСТІ ПОЕТИЧНИХ ТВОРІВ. 2.1 Особливості поетичного перекладу. 2.2 Основні принципи поетичного перекладу. РОЗДІЛ 3 СТИЛІСТИЧНІ ОСОБЛИВОСТІ ПОЕЗІЇ ЕМІЛІ ДІКІНСОН 3.1 Особливості авторського стилю поетеси. 3.2 Лексико-стилістичний аналіз поезій Емілі Дікінсон. 3.3 Лінгво-стилістичний аналіз перекладів на метро-ритмічному та фонетичному рівнях. 3.4 Лексичний рівень поетичного тексту. ВИСНОВКИ
_0аналіз поезій, Емілі Дікінсон
650 _aResearch Papers
999 _c284277
_d284277
942 _cBK